banner-ar

الازياء الشعبية بين الترميم و التقليد / (Record no. 61101)

MARC details
000 -الفاتح
حقل البيانات ثابتة الطول 01317nam a2200301 4500
005 - وقت وتاريخ اخر تعامل مع التسجيلة
رقم الضبط 20240530110444.0
008 - عناصر البيانات ثابتة الطول - معلومات عامة
حقل البيانات ثابتة الطول 150423s2010 su dkbof b 000 0 ara d
017 ## - رقم الايداع القانونى
رقم الايداع القانونى 1431/7637
المصدر ( الهيئة المختصة) السعودية . مكتبة الملك فهد الوطنية
020 ## - الرقم الدولى المعيارى للكتب
الرقم الدولى المعيارى للكتاب 9786038005637
040 ## - مصدر الفهرسة
وكالة الفهرسة الأصلية EG-CaGPL
082 04 - رقم تصنيف ديوى العشرى
رقم الطبعة 21
رقم التصنيف 646.2\
رقم المادة ك أ
100 0# - المدخل الرئيسى - إسم شخصى
الإسم الشخصى كفاية سليمان احمد
245 12 - بيان العنوان
العنوان الازياء الشعبية بين الترميم و التقليد /
بيان المسئوليه,etc تاليف كفاية سليمان احمد ، ياسين السيد زيدان ، حنان محمد سعيد الاشقر
250 ## - بيان الطبعة
بيان الطبعة ط1
260 ## - PUBLICATION, DISTRIBUTION, ETC. (IMPRINT)
تاريخ النشر أو التوزيع 2010 .
300 ## - الوصف المادى
التعداد 471 ص :
تفاصيل ماديه اخرى للوعاء ايض ؛
أبعاد الوعاء 24 سم +
المادة المصاحبة ملاحق
504 ## - تبصرة ببليوجرافية
تبصرة ببليوجرافية,الخ ببليوجرافية : ص 427 - 440
650 04 - المدخل الاضافى بالموضوع-مصطلح موضوعى
مصطلح موضوعي الازياء
التقسيم الفرعي العام تاريخ
650 04 - المدخل الاضافى بالموضوع-مصطلح موضوعى
مصطلح موضوعي الازياء المتحفية
650 04 - المدخل الاضافى بالموضوع-مصطلح موضوعى
مصطلح موضوعي الازياء المتحفية
التقسيم الفرعي العام طرق ترميم
650 04 - المدخل الاضافى بالموضوع-مصطلح موضوعى
مصطلح موضوعي الازياء
650 04 - المدخل الاضافى بالموضوع-مصطلح موضوعى
مصطلح موضوعي الازياء الشعبية
650 04 - المدخل الاضافى بالموضوع-مصطلح موضوعى
مصطلح موضوعي الازياء الشعبية
التقسيم الفرعي الجغرافي مصر
700 0# - المدخل الاضافى - اسم شخصى
الإسم الشخصى ياسين السيد زيدان
الدور مؤلف مشارك
700 0# - المدخل الاضافى - اسم شخصى
الإسم الشخصى حنان محمد سعيد الاشقر
الدور مؤلف مشارك
942 ## - عناصر المدخل الإضافي( كوها)
مصدر التصنيف او مخطط الترفيف Dewey Decimal Classification
Koha [default] item type كتاب
260 ## - PUBLICATION, DISTRIBUTION, ETC. (IMPRINT)
-- الرياض :
-- دار الزهراء للنشر والتوزيع ،
Holdings
حالة التراجع حالة الفقد حالة تلف ليس للاعارة المكان المؤقت الموقع الحالى تاريخ الاكتساب اجمالي اﻻعارات رقم الطلب الباركود تاريخ اخر مشاهدة تاريخ تفعيل السعر نوع وعاء كوها
        مكتبة القاهرة الكبرى مكتبة القاهرة الكبرى 04/23/2015   646.2\ ك أ 160321 04/23/2015 04/23/2015 كتاب

Powered By

EGPV